000 00761nam a2200277Ia 4500
003 OSt
005 20221005081119.0
006 a|||||r|||| 00| 0
007 ta
008 221004b |||||||| |||| 00| 0 eng d
020 _c25
024 _a44274
037 _cTextual
040 _aCRL
_cCRL
_beng
041 _2eng
_aeng
082 _aO157,3N09,1, 111M3
100 _aAshapurna Devi
245 0 _aSnakebite
_b The distant window
260 _aNew Delhi
_bPrachi Prakashan
_c1983
300 _a220p
_ccm.
650 _a BENGALI LITERATURE
650 _aBENGALI LITERATURE
700 _a Bose Anima Tr.
_9610821
942 _hO157,3N09,1, 111M3
_cTEXL
_2cc
999 _c987167
_d987167